[Event "Elite Hotels Open 2025"]
[Site "Elite Stadshotellet, Växjö, Sweden"]
[Date "2025.02.07"]
[Round "1.16"]
[White "Krantz, Christopher"]
[Black "Sjostedt, Jonny"]
[Result "1-0"]
[TimeControl "R1-4: 15 min + 5 sek, R5-8: 90 min + 30 sek"]
[WhiteElo "2215"]
[BlackElo "1859"]

1. d4 {[%clk 00:15:07]} {[%emt 00:00:03]} Nf6 {[%clk 00:15:00]} {[%emt
00:00:09]} 2. Nf3 {[%clk 00:15:10]} {[%emt 00:00:03]} c5 {[%clk 00:14:50]}
{[%emt 00:00:14]} 3. d5 {[%clk 00:15:10]} {[%emt 00:00:07]} g6 {[%clk
00:14:03]} {[%emt 00:00:52]} 4. Nc3 {[%clk 00:14:57]} {[%emt 00:00:18]} d6
{[%clk 00:13:46]} {[%emt 00:00:22]} 5. e4 {[%clk 00:14:58]} {[%emt 00:00:03]}
Bg7 {[%clk 00:13:48]} {[%emt 00:00:03]} 6. Bb5+ {[%clk 00:14:59]} {[%emt
00:00:04]} Bd7 {[%clk 00:13:34]} {[%emt 00:00:18]} 7. a4 {[%clk 00:14:34]}
{[%emt 00:00:31]} a6 {[%clk 00:13:20]} {[%emt 00:00:20]} 8. Be2 {[%clk
00:14:15]} {[%emt 00:00:23]} O-O {[%clk 00:13:16]} {[%emt 00:00:09]} 9. O-O
{[%clk 00:13:39]} {[%emt 00:00:41]} Qc7 {[%clk 00:12:58]} {[%emt 00:00:23]} 10.
Nd2 {[%clk 00:13:28]} {[%emt 00:00:17]} e6 {[%clk 00:12:49]} {[%emt 00:00:14]}
11. Nc4 {[%clk 00:13:16]} {[%emt 00:00:17]} exd5 {[%clk 00:12:40]} {[%emt
00:00:14]} 12. exd5 {[%clk 00:13:05]} {[%emt 00:00:16]} Rd8 {[%clk 00:12:05]}
{[%emt 00:00:40]} 13. Bf4 {[%clk 00:12:45]} {[%emt 00:00:24]} Be8 {[%clk
00:12:04]} {[%emt 00:00:06]} 14. Re1 {[%clk 00:12:18]} {[%emt 00:00:32]} b5
{[%clk 00:11:22]} {[%emt 00:00:48]} 15. axb5 {[%clk 00:12:04]} {[%emt
00:00:18]} Qb7 {[%clk 00:07:47]} {[%emt 00:03:40]} 16. Nxd6 {[%clk 00:11:06]}
{[%emt 00:01:03]} Rxd6 {[%clk 00:07:48]} {[%emt 00:00:05]} 17. Bxd6 {[%clk
00:11:08]} {[%emt 00:00:03]} axb5 {[%clk 00:07:37]} {[%emt 00:00:16]} 18. Rxa8
{[%clk 00:10:17]} {[%emt 00:00:56]} Qxa8 {[%clk 00:07:39]} {[%emt 00:00:01]} 19.
Bxb5 {[%clk 00:09:36]} {[%emt 00:00:47]} Bxb5 {[%clk 00:07:39]} {[%emt
00:00:05]} 20. Nxb5 {[%clk 00:09:40]} {[%emt 00:00:02]} Nbd7 {[%clk 00:06:56]}
{[%emt 00:00:47]} 21. c4 {[%clk 00:09:35]} {[%emt 00:00:10]} Nb6 {[%clk
00:06:16]} {[%emt 00:00:45]} 22. b3 {[%clk 00:09:13]} {[%emt 00:00:27]} Qa5
{[%clk 00:05:55]} {[%emt 00:00:27]} 23. Bc7 {[%clk 00:08:30]} {[%emt 00:00:47]}
1-0

[Event "Elite Hotels Open 2025"]
[Site "Elite Stadshotellet, Växjö, Sweden"]
[Date "2025.02.07"]
[Round "1.17"]
[White "Frisk, Anders"]
[Black "Eklund, Joel"]
[Result "1/2-1/2"]
[TimeControl "R1-4: 15 min + 5 sek, R5-8: 90 min + 30 sek"]
[WhiteElo "1857"]
[BlackElo "2205"]

1. c4 {[%clk 00:15:06]} {[%emt 00:00:04]} Nf6 {[%clk 00:15:05]} {[%emt
00:00:05]} 2. Nc3 {[%clk 00:15:08]} {[%emt 00:00:03]} c5 {[%clk 00:15:02]}
{[%emt 00:00:08]} 3. g3 {[%clk 00:15:08]} {[%emt 00:00:05]} e6 {[%clk
00:15:03]} {[%emt 00:00:05]} 4. e4 {[%clk 00:14:42]} {[%emt 00:00:30]} d6
{[%clk 00:14:08]} {[%emt 00:01:00]} 5. Bg2 {[%clk 00:14:38]} {[%emt 00:00:09]}
Be7 {[%clk 00:14:03]} {[%emt 00:00:10]} 6. Nge2 {[%clk 00:14:31]} {[%emt
00:00:12]} O-O {[%clk 00:14:04]} {[%emt 00:00:04]} 7. O-O {[%clk 00:14:33]}
{[%emt 00:00:03]} Nc6 {[%clk 00:14:06]} {[%emt 00:00:03]} 8. d3 {[%clk
00:14:24]} {[%emt 00:00:14]} Rb8 {[%clk 00:13:52]} {[%emt 00:00:19]} 9. h3
{[%clk 00:14:00]} {[%emt 00:00:28]} a6 {[%clk 00:13:56]} {[%emt 00:00:02]} 10.
a4 {[%clk 00:14:01]} {[%emt 00:00:04]} Nd4 {[%clk 00:13:03]} {[%emt 00:00:58]}
11. Be3 {[%clk 00:12:33]} {[%emt 00:01:33]} e5 {[%clk 00:13:05]} {[%emt
00:00:03]} 12. f4 {[%clk 00:11:29]} {[%emt 00:01:08]} Bd7 {[%clk 00:13:04]}
{[%emt 00:00:06]} 13. fxe5 {[%clk 00:10:04]} {[%emt 00:01:31]} dxe5 {[%clk
00:13:07]} {[%emt 00:00:02]} 14. Nd5 {[%clk 00:09:25]} {[%emt 00:00:43]} Nxd5
{[%clk 00:13:01]} {[%emt 00:00:11]} 15. exd5 {[%clk 00:08:58]} {[%emt
00:00:33]} b5 {[%clk 00:12:50]} {[%emt 00:00:17]} 16. axb5 {[%clk 00:07:55]}
{[%emt 00:01:08]} axb5 {[%clk 00:12:53]} 17. b3 {[%clk 00:07:13]} {[%emt
00:00:46]} f5 {[%clk 00:10:41]} {[%emt 00:02:18]} 18. Nxd4 {[%clk 00:05:53]}
{[%emt 00:01:25]} cxd4 {[%clk 00:10:35]} {[%emt 00:00:12]} 19. Bd2 {[%clk
00:05:25]} {[%emt 00:00:32]} Bd6 {[%clk 00:09:20]} {[%emt 00:01:20]} 20. Qc1
{[%clk 00:04:58]} {[%emt 00:00:32]} bxc4 {[%clk 00:08:03]} {[%emt 00:01:23]} 21.
bxc4 {[%clk 00:04:57]} {[%emt 00:00:05]} Qb6 {[%clk 00:07:54]} {[%emt
00:00:14]} 22. Rb1 {[%clk 00:03:53]} {[%emt 00:01:10]} Qc7 {[%clk 00:07:17]}
{[%emt 00:00:42]} 23. Rxb8 {[%clk 00:03:28]} {[%emt 00:00:29]} Rxb8 {[%clk
00:07:19]} {[%emt 00:00:03]} 24. Qc2 {[%clk 00:02:44]} {[%emt 00:00:49]} Qb6
{[%clk 00:07:01]} {[%emt 00:00:23]} 25. Rc1 {[%clk 00:02:35]} {[%emt 00:00:14]}
Bc5 {[%clk 00:06:51]} {[%emt 00:00:15]} 26. Ra1 {[%clk 00:02:20]} {[%emt
00:00:21]} e4 {[%clk 00:06:38]} {[%emt 00:00:18]} 27. Bf4 {[%clk 00:02:10]}
{[%emt 00:00:15]} Re8 {[%clk 00:05:29]} {[%emt 00:01:13]} 28. Rb1 {[%clk
00:02:03]} {[%emt 00:00:12]} Qa5 {[%clk 00:04:55]} {[%emt 00:00:39]} 29. Bd2
{[%clk 00:01:39]} {[%emt 00:00:29]} Qa3 {[%clk 00:04:21]} {[%emt 00:00:39]} 30.
Rb3 {[%clk 00:01:39]} {[%emt 00:00:05]} Qa1+ {[%clk 00:04:23]} {[%emt
00:00:03]} 31. Rb1 {[%clk 00:01:42]} {[%emt 00:00:02]} Qa7 {[%clk 00:04:26]} 32.
Bb4 {[%clk 00:01:00]} {[%emt 00:00:48]} e3 {[%clk 00:03:26]} {[%emt 00:01:04]}
33. Bxc5 {[%clk 00:01:01]} {[%emt 00:00:04]} Qxc5 {[%clk 00:03:30]} {[%emt
00:00:01]} 34. Qe2 {[%clk 00:00:52]} {[%emt 00:00:14]} Qa5 {[%clk 00:02:04]}
{[%emt 00:01:31]} 35. Bf3 {[%clk 00:00:42]} {[%emt 00:00:15]} Qa3 {[%clk
00:01:32]} {[%emt 00:00:38]} 36. Kg2 {[%clk 00:00:29]} {[%emt 00:00:17]} Ba4
{[%clk 00:01:15]} {[%emt 00:00:22]} 37. Rb2 {[%clk 00:00:19]} {[%emt 00:00:15]}
Qc5 {[%clk 00:00:41]} {[%emt 00:00:39]} 38. Ra2 {[%clk 00:00:16]} {[%emt
00:00:08]} Bd7 {[%clk 00:00:31]} {[%emt 00:00:14]} 39. Rb2 {[%clk 00:00:18]}
{[%emt 00:00:04]} g6 {[%clk 00:00:28]} {[%emt 00:00:08]} 40. Rb7 {[%clk
00:00:17]} {[%emt 00:00:06]} Bc8 {[%clk 00:00:23]} {[%emt 00:00:10]} 41. Rb5
{[%clk 00:00:20]} {[%emt 00:00:03]} Qa3 {[%clk 00:00:23]} {[%emt 00:00:04]} 42.
Rb2 {[%clk 00:00:15]} {[%emt 00:00:10]} Qd6 {[%clk 00:00:16]} {[%emt 00:00:12]}
1/2-1/2

[Event "Elite Hotels Open 2025"]
[Site "Elite Stadshotellet, Växjö, Sweden"]
[Date "2025.02.07"]
[Round "2.1"]
[White "Gdanski, Jacek"]
[Black "Nielsen, Klaus"]
[Result "1-0"]
[TimeControl "R1-4: 15 min + 5 sek, R5-8: 90 min + 30 sek"]
[WhiteTitle "GM"]
[WhiteElo "2483"]
[BlackElo "2018"]

1. e4 {[%clk 00:15:07]} {[%emt 00:00:03]} e5 {[%clk 00:15:06]} {[%emt
00:00:05]} 2. Nf3 {[%clk 00:15:10]} {[%emt 00:00:03]} d6 {[%clk 00:15:09]} 3.
d4 {[%clk 00:15:11]} {[%emt 00:00:05]} Bg4 {[%clk 00:15:12]} 4. dxe5 {[%clk
00:15:05]} {[%emt 00:00:12]} Nd7 {[%clk 00:15:15]} {[%emt 00:00:01]} 5. h3
{[%clk 00:14:52]} {[%emt 00:00:18]} Bh5 {[%clk 00:14:59]} {[%emt 00:00:22]} 6.
e6 {[%clk 00:13:15]} {[%emt 00:01:43]} fxe6 {[%clk 00:14:58]} {[%emt 00:00:05]}
7. Nc3 {[%clk 00:11:44]} {[%emt 00:01:36]} Ngf6 {[%clk 00:14:54]} {[%emt
00:00:09]} 8. Be2 {[%clk 00:11:46]} {[%emt 00:00:03]} Bxf3 {[%clk 00:14:27]}
{[%emt 00:00:31]} 9. Bxf3 {[%clk 00:11:50]} {[%emt 00:00:02]} Be7 {[%clk
00:14:20]} {[%emt 00:00:12]} 10. Bh5+ {[%clk 00:11:41]} {[%emt 00:00:14]} g6
{[%clk 00:13:53]} {[%emt 00:00:33]} 11. Be2 {[%clk 00:11:00]} {[%emt 00:00:45]}
Bf8 {[%clk 00:12:51]} {[%emt 00:01:07]} 12. Bc4 {[%clk 00:10:38]} {[%emt
00:00:27]} Qe7 {[%clk 00:11:54]} {[%emt 00:01:02]} 13. O-O {[%clk 00:10:41]}
{[%emt 00:00:02]} a6 {[%clk 00:11:50]} {[%emt 00:00:09]} 14. a4 {[%clk
00:10:34]} {[%emt 00:00:13]} Bg7 {[%clk 00:11:42]} {[%emt 00:00:12]} 15. f4
{[%clk 00:10:31]} {[%emt 00:00:08]} Nc5 {[%clk 00:10:42]} {[%emt 00:01:06]} 16.
Qf3 {[%clk 00:10:02]} {[%emt 00:00:34]} O-O {[%clk 00:10:27]} {[%emt 00:00:19]}
17. Be3 {[%clk 00:09:56]} {[%emt 00:00:12]} Ncd7 {[%clk 00:10:02]} {[%emt
00:00:30]} 18. Rae1 {[%clk 00:09:48]} {[%emt 00:00:12]} Kh8 {[%clk 00:10:02]}
{[%emt 00:00:05]} 19. Kh1 {[%clk 00:08:45]} {[%emt 00:01:09]} c6 {[%clk
00:09:56]} {[%emt 00:00:10]} 20. a5 {[%clk 00:08:08]} {[%emt 00:00:43]} Rae8
{[%clk 00:09:15]} {[%emt 00:00:45]} 21. Bg1 {[%clk 00:07:33]} {[%emt 00:00:40]}
Nh5 {[%clk 00:08:28]} {[%emt 00:00:52]} 22. Bh2 {[%clk 00:07:15]} {[%emt
00:00:23]} Ne5 {[%clk 00:08:13]} {[%emt 00:00:20]} 23. Qe2 {[%clk 00:07:13]}
{[%emt 00:00:07]} Nxc4 24. Qxc4 {[%clk 00:07:17]} Qh4 {[%clk 00:07:33]} {[%emt
00:00:46]} 25. Ne2 {[%clk 00:06:16]} {[%emt 00:01:06]} d5 {[%clk 00:06:26]}
{[%emt 00:01:12]} 26. Qd3 {[%clk 00:05:59]} {[%emt 00:00:22]} Rf7 {[%clk
00:05:56]} {[%emt 00:00:35]} 27. e5 {[%clk 00:04:55]} {[%emt 00:01:09]} Ref8
{[%clk 00:05:52]} {[%emt 00:00:09]} 28. g4 {[%clk 00:04:40]} {[%emt 00:00:20]}
Nxf4 {[%clk 00:05:35]} {[%emt 00:00:21]} 29. Nxf4 {[%clk 00:04:42]} {[%emt
00:00:04]} Rxf4 {[%clk 00:05:38]} {[%emt 00:00:03]} 30. Bxf4 {[%clk 00:04:43]}
{[%emt 00:00:03]} Rxf4 {[%clk 00:05:39]} {[%emt 00:00:05]} 31. Rxf4 {[%clk
00:04:08]} {[%emt 00:00:39]} Qxe1+ {[%clk 00:05:42]} {[%emt 00:00:02]} 32. Qf1
{[%clk 00:04:11]} {[%emt 00:00:02]} Qxf1+ {[%clk 00:05:30]} {[%emt 00:00:17]}
33. Rxf1 {[%clk 00:04:15]} {[%emt 00:00:01]} Kg8 {[%clk 00:05:17]} {[%emt
00:00:18]} 34. Re1 {[%clk 00:03:59]} {[%emt 00:00:20]} Bh6 {[%clk 00:05:05]}
{[%emt 00:00:17]} 35. c3 {[%clk 00:03:58]} {[%emt 00:00:07]} Kf7 {[%clk
00:04:37]} {[%emt 00:00:33]} 36. Kg2 {[%clk 00:04:02]} {[%emt 00:00:01]} c5
{[%clk 00:04:27]} {[%emt 00:00:15]} 37. Kf3 {[%clk 00:04:01]} {[%emt 00:00:07]}
Bg5 {[%clk 00:04:07]} {[%emt 00:00:24]} 38. h4 {[%clk 00:03:17]} {[%emt
00:00:49]} Bxh4 {[%clk 00:03:23]} {[%emt 00:00:49]} 39. Rh1 {[%clk 00:03:21]}
g5 {[%clk 00:03:27]} {[%emt 00:00:02]} 40. b4 {[%clk 00:03:26]} cxb4 {[%clk
00:02:44]} {[%emt 00:00:48]} 41. cxb4 {[%clk 00:03:13]} {[%emt 00:00:17]} Kg6
{[%clk 00:02:45]} {[%emt 00:00:03]} 42. b5 {[%clk 00:03:07]} {[%emt 00:00:13]}
h5 {[%clk 00:02:38]} {[%emt 00:00:11]} 43. b6 {[%clk 00:03:00]} {[%emt
00:00:12]} hxg4+ {[%clk 00:02:15]} {[%emt 00:00:28]} 44. Kxg4 {[%clk 00:03:03]}
{[%emt 00:00:02]} d4 {[%clk 00:02:13]} {[%emt 00:00:07]} 45. Rc1 {[%clk
00:02:47]} {[%emt 00:00:21]} Bf2 {[%clk 00:01:42]} {[%emt 00:00:36]} 46. Rf1
{[%clk 00:02:39]} {[%emt 00:00:12]} Be3 {[%clk 00:01:39]} {[%emt 00:00:09]} 47.
Rf6+ {[%clk 00:02:42]} {[%emt 00:00:02]} Kg7 {[%clk 00:01:42]} {[%emt
00:00:03]} 48. Rxe6 {[%clk 00:02:46]} d3 {[%clk 00:01:44]} {[%emt 00:00:03]} 49.
Rd6 {[%clk 00:02:48]} {[%emt 00:00:02]} d2 {[%clk 00:01:48]} {[%emt 00:00:02]}
50. Kf3 {[%clk 00:02:30]} {[%emt 00:00:23]} Bf4 {[%clk 00:01:52]} 51. Rd7+
{[%clk 00:02:20]} {[%emt 00:00:16]} Kg6 {[%clk 00:01:48]} {[%emt 00:00:08]} 52.
e6 {[%clk 00:02:14]} {[%emt 00:00:11]} Kf6 {[%clk 00:01:26]} {[%emt 00:00:26]}
53. e7 {[%clk 00:02:14]} {[%emt 00:00:05]} Kf7 {[%clk 00:01:05]} {[%emt
00:00:25]} 54. Ke2 {[%clk 00:02:19]} Ke8 {[%clk 00:01:07]} {[%emt 00:00:05]} 55.
Rxb7 {[%clk 00:01:42]} {[%emt 00:00:42]} g4 {[%clk 00:01:06]} {[%emt 00:00:06]}
56. Ra7 {[%clk 00:01:26]} {[%emt 00:00:20]} g3 {[%clk 00:01:05]} {[%emt
00:00:06]} 57. Rxa6 {[%clk 00:01:14]} {[%emt 00:00:18]} g2 {[%clk 00:01:05]}
{[%emt 00:00:04]} 58. Ra8+ {[%clk 00:01:18]} {[%emt 00:00:02]} Kxe7 {[%clk
00:01:02]} {[%emt 00:00:07]} 59. Rg8 {[%clk 00:01:21]} 1-0

[Event "Elite Hotels Open 2025"]
[Site "Elite Stadshotellet, Växjö, Sweden"]
[Date "2025.02.07"]
[Round "2.2"]
[White "Karlsson, Jorgen"]
[Black "Kucuksari, Kaan"]
[Result "0-1"]
[TimeControl "R1-4: 15 min + 5 sek, R5-8: 90 min + 30 sek"]
[BlackTitle "IM"]
[WhiteElo "2013"]
[BlackElo "2463"]

1. c4 {[%clk 00:15:08]} {[%emt 00:00:02]} e5 {[%clk 00:15:04]} {[%emt
00:00:07]} 2. g3 {[%clk 00:15:11]} {[%emt 00:00:02]} f5 {[%clk 00:15:01]}
{[%emt 00:00:08]} 3. Bg2 {[%clk 00:15:14]} Nf6 {[%clk 00:15:05]} {[%emt
00:00:02]} 4. d3 {[%clk 00:15:17]} {[%emt 00:00:02]} d6 {[%clk 00:14:56]}
{[%emt 00:00:13]} 5. Nc3 {[%clk 00:15:20]} {[%emt 00:00:02]} Be7 {[%clk
00:14:53]} {[%emt 00:00:08]} 6. e3 {[%clk 00:15:21]} {[%emt 00:00:04]} O-O
{[%clk 00:14:56]} {[%emt 00:00:03]} 7. Nge2 {[%clk 00:15:25]} c6 {[%clk
00:14:50]} {[%emt 00:00:11]} 8. d4 {[%clk 00:15:13]} {[%emt 00:00:17]} e4
{[%clk 00:14:47]} {[%emt 00:00:08]} 9. d5 {[%clk 00:15:12]} {[%emt 00:00:06]}
Nbd7 {[%clk 00:14:41]} {[%emt 00:00:11]} 10. Nf4 {[%clk 00:14:45]} {[%emt
00:00:32]} Ne5 {[%clk 00:14:45]} {[%emt 00:00:02]} 11. h4 {[%clk 00:13:21]}
{[%emt 00:01:28]} Nxc4 {[%clk 00:14:25]} {[%emt 00:00:26]} 12. Qd4 {[%clk
00:12:10]} {[%emt 00:01:15]} Ne5 {[%clk 00:14:21]} {[%emt 00:00:09]} 13. b3
{[%clk 00:11:39]} {[%emt 00:00:35]} Nfg4 {[%clk 00:13:50]} {[%emt 00:00:37]} 14.
Bb2 {[%clk 00:11:34]} {[%emt 00:00:10]} c5 {[%clk 00:11:07]} {[%emt 00:02:48]}
15. Qd2 {[%clk 00:11:37]} Bd7 {[%clk 00:10:53]} {[%emt 00:00:20]} 16. a4 {[%clk
00:08:58]} {[%emt 00:02:45]} Qb6 {[%clk 00:10:56]} {[%emt 00:00:02]} 17. Qc2
{[%clk 00:08:19]} {[%emt 00:00:43]} c4 {[%clk 00:10:52]} {[%emt 00:00:10]} 18.
Ra3 {[%clk 00:08:06]} {[%emt 00:00:17]} Nd3+ {[%clk 00:09:33]} {[%emt
00:01:24]} 19. Nxd3 {[%clk 00:08:01]} {[%emt 00:00:10]} cxd3 {[%clk 00:09:37]}
{[%emt 00:00:02]} 20. Qd2 {[%clk 00:07:58]} {[%emt 00:00:08]} Rac8 {[%clk
00:09:40]} {[%emt 00:00:01]} 21. O-O {[%clk 00:07:56]} {[%emt 00:00:07]} Rc5
{[%clk 00:09:42]} {[%emt 00:00:04]} 22. Rb1 {[%clk 00:05:23]} {[%emt 00:02:37]}
Bf6 {[%clk 00:09:27]} {[%emt 00:00:20]} 23. b4 {[%clk 00:05:07]} {[%emt
00:00:21]} Qxb4 {[%clk 00:09:16]} {[%emt 00:00:16]} 24. Nxe4 {[%clk 00:05:10]}
{[%emt 00:00:02]} Qxd2 {[%clk 00:07:59]} {[%emt 00:01:21]} 25. Nxd2 {[%clk
00:05:13]} {[%emt 00:00:03]} Bxb2 {[%clk 00:08:03]} {[%emt 00:00:02]} 26. Rxb2
{[%clk 00:05:18]} Rc2 {[%clk 00:08:07]} {[%emt 00:00:01]} 27. Rxc2 {[%clk
00:04:59]} {[%emt 00:00:24]} dxc2 {[%clk 00:08:10]} {[%emt 00:00:01]} 28. Rc3
{[%clk 00:05:03]} {[%emt 00:00:01]} Bxa4 {[%clk 00:06:44]} {[%emt 00:01:32]} 29.
Bf1 {[%clk 00:03:01]} {[%emt 00:02:06]} b5 {[%clk 00:06:44]} {[%emt 00:00:05]}
30. Bd3 {[%clk 00:03:05]} {[%emt 00:00:02]} b4 {[%clk 00:06:41]} {[%emt
00:00:07]} 31. Rc7 {[%clk 00:03:09]} {[%emt 00:00:01]} b3 {[%clk 00:06:37]}
{[%emt 00:00:09]} 32. Nxb3 {[%clk 00:03:12]} {[%emt 00:00:02]} Bxb3 {[%clk
00:06:40]} {[%emt 00:00:02]} 33. Bxc2 {[%clk 00:03:16]} {[%emt 00:00:02]} Bxc2
{[%clk 00:05:52]} {[%emt 00:00:52]} 34. Rxc2 {[%clk 00:03:20]} {[%emt
00:00:01]} a5 {[%clk 00:05:51]} {[%emt 00:00:07]} 35. Rc6 {[%clk 00:03:18]}
{[%emt 00:00:06]} Ra8 {[%clk 00:05:54]} {[%emt 00:00:02]} 36. Rxd6 {[%clk
00:03:13]} {[%emt 00:00:11]} a4 {[%clk 00:05:58]} {[%emt 00:00:01]} 37. Rc6
{[%clk 00:02:58]} {[%emt 00:00:19]} a3 {[%clk 00:06:01]} {[%emt 00:00:02]} 38.
Rc1 {[%clk 00:02:58]} {[%emt 00:00:05]} a2 {[%clk 00:06:05]} {[%emt 00:00:01]}
39. Ra1 {[%clk 00:03:02]} {[%emt 00:00:01]} Nf6 {[%clk 00:06:09]} 40. d6 {[%clk
00:03:05]} {[%emt 00:00:03]} Nd5 {[%clk 00:06:12]} 41. d7 {[%clk 00:02:53]}
{[%emt 00:00:17]} Nb4 {[%clk 00:06:16]} {[%emt 00:00:01]} 42. Rc1 {[%clk
00:02:33]} {[%emt 00:00:25]} Nc2 {[%clk 00:05:49]} {[%emt 00:00:32]} 0-1

[Event "Elite Hotels Open 2025"]
[Site "Elite Stadshotellet, Växjö, Sweden"]
[Date "2025.02.07"]
[Round "2.3"]
[White "Trost, Edvin"]
[Black "Jakenberg, Jussi"]
[Result "1-0"]
[TimeControl "R1-4: 15 min + 5 sek, R5-8: 90 min + 30 sek"]
[WhiteTitle "IM"]
[WhiteElo "2462"]
[BlackElo "2015"]

1. Nf3 {[%clk 00:14:22]} {[%emt 00:00:48]} d5 {[%clk 00:15:03]} {[%emt
00:00:07]} 2. g3 {[%clk 00:14:25]} {[%emt 00:00:02]} c5 {[%clk 00:13:15]}
{[%emt 00:01:54]} 3. Bg2 {[%clk 00:14:27]} {[%emt 00:00:02]} Nc6 {[%clk
00:13:18]} {[%emt 00:00:02]} 4. d4 {[%clk 00:14:27]} {[%emt 00:00:05]} cxd4
{[%clk 00:13:20]} {[%emt 00:00:03]} 5. Nxd4 {[%clk 00:14:31]} e5 {[%clk
00:13:24]} 6. Nxc6 {[%clk 00:14:34]} {[%emt 00:00:01]} bxc6 {[%clk 00:13:28]}
{[%emt 00:00:02]} 7. c4 {[%clk 00:14:38]} Nf6 {[%clk 00:13:24]} {[%emt
00:00:09]} 8. O-O {[%clk 00:14:31]} {[%emt 00:00:11]} Be6 {[%clk 00:13:13]}
{[%emt 00:00:17]} 9. Nc3 {[%clk 00:14:19]} {[%emt 00:00:17]} Qd7 {[%clk
00:13:09]} {[%emt 00:00:09]} 10. Qa4 {[%clk 00:13:38]} {[%emt 00:00:44]} Rc8
{[%clk 00:13:07]} {[%emt 00:00:09]} 11. cxd5 {[%clk 00:13:32]} {[%emt
00:00:11]} cxd5 {[%clk 00:13:09]} {[%emt 00:00:02]} 12. Qxd7+ {[%clk 00:13:35]}
{[%emt 00:00:03]} Kxd7 {[%clk 00:13:10]} {[%emt 00:00:04]} 13. Rd1 {[%clk
00:13:38]} Bc5 {[%clk 00:13:00]} {[%emt 00:00:16]} 14. Na4 {[%clk 00:13:33]}
{[%emt 00:00:10]} Be7 {[%clk 00:12:59]} {[%emt 00:00:07]} 15. Bg5 {[%clk
00:13:36]} {[%emt 00:00:02]} Ng8 {[%clk 00:12:43]} {[%emt 00:00:21]} 16. Bxe7
{[%clk 00:11:23]} {[%emt 00:02:17]} Nxe7 {[%clk 00:12:41]} {[%emt 00:00:07]} 17.
Nc3 {[%clk 00:11:27]} Rc5 {[%clk 00:10:49]} {[%emt 00:01:57]} 18. Rd2 {[%clk
00:08:57]} {[%emt 00:02:35]} Rd8 {[%clk 00:10:38]} {[%emt 00:00:16]} 19. Rad1
{[%clk 00:08:49]} {[%emt 00:00:13]} Ke8 {[%clk 00:10:23]} {[%emt 00:00:20]} 20.
h3 {[%clk 00:08:45]} {[%emt 00:00:08]} Rd7 {[%clk 00:09:18]} {[%emt 00:01:11]}
21. e3 {[%clk 00:08:43]} {[%emt 00:00:07]} f6 {[%clk 00:08:52]} {[%emt
00:00:31]} 22. a3 {[%clk 00:07:59]} {[%emt 00:00:49]} Kd8 {[%clk 00:06:55]}
{[%emt 00:02:02]} 23. Rd3 {[%clk 00:07:55]} {[%emt 00:00:08]} e4 {[%clk
00:05:59]} {[%emt 00:01:02]} 24. R3d2 {[%clk 00:07:48]} {[%emt 00:00:12]} f5
{[%clk 00:04:15]} {[%emt 00:01:49]} 25. Ne2 {[%clk 00:07:43]} {[%emt 00:00:10]}
Nc6 {[%clk 00:03:41]} {[%emt 00:00:40]} 26. b4 {[%clk 00:07:32]} {[%emt
00:00:15]} Rb5 {[%clk 00:03:35]} {[%emt 00:00:10]} 27. Nf4 {[%clk 00:07:35]}
{[%emt 00:00:03]} Ke7 {[%clk 00:03:11]} {[%emt 00:00:30]} 28. Bf1 {[%clk
00:07:36]} {[%emt 00:00:03]} Rbb7 {[%clk 00:03:03]} {[%emt 00:00:13]} 29. Nxd5+
{[%clk 00:07:21]} {[%emt 00:00:20]} Bxd5 {[%clk 00:03:07]} 30. Rxd5 {[%clk
00:07:25]} {[%emt 00:00:01]} Rxd5 {[%clk 00:02:55]} {[%emt 00:00:17]} 31. Rxd5
{[%clk 00:07:29]} g6 {[%clk 00:02:47]} {[%emt 00:00:13]} 32. Bb5 {[%clk
00:07:15]} {[%emt 00:00:19]} Nd8 {[%clk 00:02:28]} {[%emt 00:00:24]} 33. g4
{[%clk 00:06:58]} {[%emt 00:00:23]} fxg4 {[%clk 00:02:02]} {[%emt 00:00:30]} 34.
hxg4 {[%clk 00:07:01]} {[%emt 00:00:02]} Nf7 {[%clk 00:01:49]} {[%emt
00:00:18]} 35. Bc6 {[%clk 00:06:46]} {[%emt 00:00:20]} Rc7 {[%clk 00:01:23]}
{[%emt 00:00:30]} 36. b5 {[%clk 00:06:50]} {[%emt 00:00:02]} a6 {[%clk
00:01:11]} {[%emt 00:00:17]} 37. a4 {[%clk 00:06:44]} {[%emt 00:00:12]} axb5
{[%clk 00:01:14]} {[%emt 00:00:01]} 38. axb5 {[%clk 00:06:48]} {[%emt
00:00:02]} Nd6 {[%clk 00:00:58]} {[%emt 00:00:20]} 39. Rd4 {[%clk 00:06:00]}
{[%emt 00:00:52]} h5 {[%clk 00:00:47]} {[%emt 00:00:17]} 40. gxh5 {[%clk
00:05:22]} {[%emt 00:00:44]} gxh5 {[%clk 00:00:50]} 41. Rb4 {[%clk 00:05:26]}
1-0